00753cam a22002417a 4500003000500000005001700005008004100022010001000063011001000073020001500083035001000098040000900108082002200117110000800139245017100147260002400318300001900342490004000361650002300401700002200424700002500446830004000471CHAP20220817043539.0990607d1994 it a rn 00110 fre d a78159 a79131 a9252034633 a89285 cCHAP04a639.3bF48f v.1552 aFAO10aExpose synoptique des donnees biologiques sur le meou rouge Epinephelus morio (Valenciennes, 1828) du Golfe du Mexiquec/Prepare par Thierry Brule et Christian Deniel aRome :bFAO,c1994. a39 p. :bilus. 0aFAO. Sinopsis sobre la pescav; 15514aEpinephelus morio.0 aBrulé, Thierry.0 aDéniel, Christian.00aFAO. Sinopsis sobre la pescav; 155